| 000 | 01233cam a22003134a 4500 | ||
|---|---|---|---|
| 999 |
_c2712 _d2712 |
||
| 001 | 11978257 | ||
| 003 | GBCCL | ||
| 005 | 20241126110437.0 | ||
| 008 | 000418s2000 cau b 000 0 eng | ||
| 010 | _a 00032327 | ||
| 020 | _a0830725636 | ||
| 040 |
_aDLC _cDLC _dDLC |
||
| 042 | _apcc | ||
| 050 | 0 | 0 |
_aBV210.2 _b.S5147 2000 |
| 082 | 0 | 0 |
_a248.32 _221 _bSHE |
| 100 | 1 |
_aSherrer, Quin. _95744 |
|
| 245 | 1 | 0 |
_aPraying prodigals home / _cQuin Sherrer and Ruthanne Garlock. |
| 260 |
_aVentura, Calif. : _bRegal Books, _cc2000. |
||
| 300 |
_a237 p. ; _c22 cm. |
||
| 504 | _aIncludes bibliographical references (p. [235]-237). | ||
| 650 | 0 |
_aIntercessory prayer _xChristianity. _94392 |
|
| 650 | 0 |
_aParents _xReligious life. _95745 |
|
| 700 | 1 |
_aGarlock, Ruthanne. _95746 |
|
| 856 | 4 | 2 |
_3Contributor biographical information _uhttp://www.loc.gov/catdir/enhancements/fy1115/00032327-b.html |
| 856 | 4 | 2 |
_3Publisher description _uhttp://www.loc.gov/catdir/enhancements/fy1115/00032327-d.html |
| 906 |
_a7 _bcbc _corignew _d1 _eocip _f20 _gy-gencatlg |
||
| 942 |
_2ddc _cBK |
||